000 01082nam a2200205 i 4500
001 153348
003 ES-MaACL
005 20230906205202.0
008 051013s1822 sp |||| | spa d
245 0 0 _aDiálogo entre el alcalde constitucional de un lugar de Andalucía y un pastor de luces muy claras, con relación a las actuales ocurrencias de España.
260 _aMadrid :
_bImp. de E. Aguado,
_c[1822]
300 _a1 v. (23, 19, 16, 20, 20, 22, 32, 8 p.) ;
_c15 cm.
530 _aDisponible en formato digital.
594 _aTít. tomado de la cabecera del texto.
594 _aDividido en ocho partes (siete partes y un suplemento a la séptima parte)
594 _aEl texto alude a la Guerra de la Independencia de 1808.
651 4 _aEspaña-
_xHistoria-
_y1808-1814, Guerra de la Independencia-
_vRelatos personales.
_9138809
852 _aES-MaACL
_jT-1458-F-3
_z- Enc. hol.
_z- Enc. en un vol. facticio
_q- Ejemp. falto de cub. y port.
856 _uhttp://bdh-rd.bne.es/viewer.vm?id=0000132496&page=1
_zBiblioteca Digital Hispánica
_z- 1 v. (23, 19, 16, 20 p.)
999 _c153348
_d153348